Municipios más poblados de Euskal Herria - Estadísticas

Estadísticas generales
  • Esta prueba ha sido intentada 144 veces
  • La puntuación promedio es 14 de 20
Estadísticas de respuestas
Provincia Población Municipio % Correcto
Bizkaia 345.122 Bilbo
100%
Gipuzkoa 186.064 Donostia
99%
Araba 244.634 Gasteiz
99%
Gipuzkoa 61.608 Irun
91%
Nafarroa Garaia 201.311 Iruñea
91%
Bizkaia 100.025 Barakaldo
90%
Bizkaia 78.554 Getxo
83%
Lapurdi 49.207 Baiona
78%
Bizkaia 46.375 Portugalete
74%
Gipuzkoa 27.380 Eibar
68%
Lapurdi 24.457 Biarritz
65%
Bizkaia 29.031 Durango
65%
Bizkaia 46.043 Santurtzi
61%
Nafarroa Garaia 35.170 Tutera
60%
Bizkaia 40.983 Basauri
58%
Bizkaia 27.841 Sestao
56%
Gipuzkoa 39.381 Errenteria
51%
Bizkaia 30.857 Leioa
42%
Bizkaia 29.315 Galdakao
31%
Lapurdi 38.724 Angelu
21%
No se encontraron pruebas coincidentes
Distribución de puntuación
Porcentaje de gente con cada puntuación
Porcentaje por número respondido
Historial de tus puntuaciones
No has intentado esta prueba.